00608cam a22002052 4500001001100000005001700011008004100028020001500069040001500084050002200099100003700121245007600158250001200234260003600246300002700282650002800309700003100337700003100368852000300399000002488920151217152306.0140323s xx 000 0 eng d a0071315814 aKABUcKABU 0aHF5635b.S65 20141 aSpiceland, J. David.@000015190710aFinancial accounting /cJ. David Spiceland, Wayne Thomas, Don Herrmann. a3rd ed. aNew York :bMcGraw-Hill,c2014. a1 v. (various pagings) 0aAccounting.@00001483211 aThomas, Wayne.@00001851461 aHerrmann, Don.@00001851471